00496nam a2200145Ia 450000500170000000800410001702000180005808200170007610000220009324500130011526000370012830000140016550001590017965000120033820250728154341.0250728s9999 xx 000 0 und d a9780521231985 a951.132bHOW aHowe, Christopher 0aShanghai bCambridge University Pressc1981 a462 pages aThis book is a comprehensive study of the way in which old Shanghai was transformed and developed by the Communist Party between 1949 and the later 1970s. aHistory